The parasites. (Record no. 233648)

000 -LEADER
fixed length control field 00731cam a2200241 4500
001 - CONTROL NUMBER
control field 302551
003 - CONTROL NUMBER IDENTIFIER
control field Nust
005 - DATE AND TIME OF LATEST TRANSACTION
control field 20170309143215.0
008 - FIXED-LENGTH DATA ELEMENTS--GENERAL INFORMATION
fixed length control field 720504t19711949mau 000 1 eng
010 ## - LIBRARY OF CONGRESS CONTROL NUMBER
LC control number 72184728
020 ## - INTERNATIONAL STANDARD BOOK NUMBER
International Standard Book Number 9781844080724
040 ## - CATALOGING SOURCE
Original cataloging agency DLC
Transcribing agency DLC
Modifying agency DLC
-- OCoLC
-- DLC
050 00 - LIBRARY OF CONGRESS CALL NUMBER
Classification number PZ3.D8916
Item number Par8
Classification number PR6007.U47
082 00 - DEWEY DECIMAL CLASSIFICATION NUMBER
Classification number 823.912
Author Mark MAU
100 1# - MAIN ENTRY--PERSONAL NAME
Personal name Du Maurier, Daphne,
Dates associated with a name 1907-1989.
245 14 - TITLE STATEMENT
Title The parasites.
260 ## - PUBLICATION, DISTRIBUTION, ETC.
Place of publication, distribution, etc. Cambridge, Mass.,
Name of publisher, distributor, etc. R. Bentley,
Date of publication, distribution, etc. 1949
300 ## - PHYSICAL DESCRIPTION
Extent 337 p.
Dimensions 22 cm.
350 ## - PRICE (NR) (BK AM CF MU VM SE) [OBSOLETE]
Price $8.50
650 #0 - SUBJECT ADDED ENTRY--TOPICAL TERM
Topical term or geographic name entry element Gifted children
General subdivision Fiction.
655 #7 - INDEX TERM--GENRE/FORM
Genre/form data or focus term Domestic fiction.
Source of term lcsh
906 ## - LOCAL DATA ELEMENT F, LDF (RLIN)
a 7
b cbc
c orignew
d 2
e ncip
f 19
g y-gencatlg
942 ## - ADDED ENTRY ELEMENTS (KOHA)
Source of classification or shelving scheme
Koha item type Book
Holdings
Withdrawn status Lost status Source of classification or shelving scheme Damaged status Not for loan Collection code Permanent Location Current Location Shelving location Date acquired Total Checkouts Full call number Barcode Date last seen Copy number Price effective from Koha item type
            Central Library (CL) Central Library (CL) Fiction 03/09/2017   823.912 MAU CL427 09/27/2023 1 03/09/2017 Book
© 2023 Central Library, National University of Sciences and Technology. All Rights Reserved.